| 000 | 01312nam2a2200265 4500 | ||
|---|---|---|---|
| 001 | RU\NLR\BIBL_A\022390189 | ||
| 005 | 20260213160130.0 | ||
| 010 |
_a978-5-17-153981-8 _92500 |
||
| 021 |
_aRU _bКН-П-24-062959 _9КН-П-24-6253 |
||
| 035 | _a(NLR Aleph) 022390189 | ||
| 090 |
_a13331991 _c13331991 |
||
| 100 | _a20241125d2024 u y0rusy50 ca | ||
| 101 | 1 |
_arus _ceng |
|
| 102 | _aRU | ||
| 105 | _aa z 000ay | ||
| 200 | 0 | _aКн. 1 | |
| 210 | _d2024 | ||
| 215 |
_a524, [2] с. _cил. _e1 отд. л. цв. карта |
||
| 327 | 1 | _aСодерж.: Демон Пенрика; Пенрик и шаман; Лиса Пенрика; Маскарад в Лоди | |
| 461 | 0 |
_1001RU\NLR\BIBL_A\022390188 _12001#$aПенрик и Дездемона$fЛоис Макмастер Буджолд$gперевод с английского К. Егоровой$gиллюстрация Е. Ферез$vКн. 1 _1700#1$aБуджолд$bЛ. М.$f1949-$gЛоис Макмастер$3RU\NLR\AUTH\770220342 _913551547 _aБуджолд, Л. М. (1949-) _cМосква _d2024 _fЛоис Макмастер Буджолд _nАСТ _o[сборник] _tПенрик и Дездемона _vКн. 1 |
|
| 942 | _cBOOK | ||
| 980 | _aNB | ||